000 00566nam a2200193Ia 4500
003 PE SENCICO BE
005 20251020182427.0
008 200515s9999 xx 000 0 und d
040 _aPE SENCICO BE
_cPE SENCICO BE
041 _aspa
082 _a302
_bB85
100 1 _aBruyn, Severyn T.
_92326
_eautor
245 1 0 _aLa perspectiva humana en sociología /
_cSeveryn T. Bruyn
260 _aBuenos Aires :
_bAmorrortu ;
_c1972
300 _a318 p. :
_bgraf. ;
_c22 cm.
650 1 0 _aPsicología social
_92299
650 2 0 _aSociología
_92327
942 _cLIB
_2ddc
999 _c145
_d145